Loading...
Fine Arts - Classical Music | 4 | 12.50 | 100% | 25% | 0% |
Fine Arts - Other Fine Arts | 3 | 13.33 | 67% | 67% | 0% |
Fine Arts - Painting & Sculpture | 6 | 13.33 | 83% | 50% | 0% |
History - American History | 5 | 14.00 | 100% | 40% | 0% |
History - European History | 4 | 15.00 | 75% | 50% | 25% |
History - Other History | 7 | 14.29 | 86% | 57% | 0% |
History - World History | 6 | 13.33 | 100% | 17% | 17% |
Literature - American Literature | 6 | 11.67 | 100% | 0% | 17% |
Literature - British Literature | 5 | 10.00 | 100% | 0% | 0% |
Literature - European Literature | 5 | 14.00 | 100% | 40% | 0% |
Literature - World Literature | 4 | 15.00 | 100% | 50% | 0% |
Mythology | 5 | 14.00 | 100% | 40% | 0% |
Other | 7 | 11.43 | 71% | 43% | 0% |
Philosophy | 1 | 0.00 | 0% | 0% | 0% |
Religion | 4 | 15.00 | 100% | 25% | 25% |
Science - Biology | 3 | 10.00 | 67% | 33% | 0% |
Science - Chemistry | 6 | 21.67 | 100% | 83% | 33% |
Science - Other Science | 5 | 6.00 | 60% | 0% | 0% |
Science - Physics | 3 | 10.00 | 100% | 0% | 0% |
Social Science | 5 | 12.00 | 100% | 20% | 0% |